Countries by border - Statistics

General Stats
  • This quiz has been taken 65 times
  • The average score is 23 of 26
Answer Stats
Borders Country % Correct
South Korea, China, Russia North Korea
100%
Canada, Mexico U.S.A
100%
Bolivia, Argentina, Peru Chile
98%
Malaysia, Papua New Guinea, East Timor Indonesia
98%
South Africa Lesotho
97%
Thailand, Laos, Vietnam Cambodia
95%
Haiti Dominican Republic
95%
Colombia, Peru Ecuador
95%
Israel, Libya, Sudan Egypt
95%
Saudi Arabia, Oman Yemen
95%
Algeria, Libya Tunisia
94%
Russia, China Mongolia
92%
Norway, Finland Sweden
90%
Turkey, Bulgaria, Macedonia, Albania Greece
87%
India, Myanmar (Burma) Bangladesh
86%
Brazil, Argentina Uruguay
86%
Croatia, Serbia, Montenegro Bosnia and Herzegovina
84%
Russia, Azerbaijan, Armenia, Turkey Georgia
84%
Guatemala, Honduras, Nicaragua El Salvador
83%
Congo (dem. rep.), Zambia, Namibia Angola
81%
Eritrea, Ethiopia, Somalia Djibouti
79%
Germany, Poland, Slovakia, Austria Czech Republic
75%
Romania, Ukraine Moldova
73%
Algeria, Libya, Chad, Nigeria, Benin, Burkina Faso, Mali Niger
70%
Congo (Dem. Rep.), Uganda, Tanzania, Burundi Rwanda
70%
Kazakhstan, China, Tajikistan, Uzbekistan Kyrgyzstan
68%
No matching quizzes found
Score Distribution
Percent of People with Each Score
Percentile by Number Answered
Your Score History
You have not taken this quiz